[Event "Nuremberg Zabo op 19th"]
[Site "Nuremberg"]
[Date "2017.09.16"]
[Round "3"]
[White "Laber, Johnatan"]
[Black "Holl, Manfred"]
[Result "1-0"]
[WhiteElo "1576"]
[BlackElo "1888"]
[PlyCount "63"]
[EventDate "2017.09.15"]
[EventType "swiss"]
[EventRounds "5"]
[EventCountry "GER"]
[SourceTitle "EXT 2022"]
[Source "ChessBase"]
[SourceDate "2021.10.06"]
[SourceVersion "1"]
[SourceVersionDate "2021.10.06"]
[SourceQuality "1"]

1. d4 d5 2. Nf3 Nf6 3. c4 dxc4 4. Nc3 e6 5. e4 c5 6. Qa4+ Bd7 7. Qxc4 cxd4 8. Nxd4 Nc6 9. Bg5 Be7 10. Rd1 Qb6 11. Ndb5 Rc8 12. Qd3 Nb4 13. Nd6+ Bxd6 14. Qxd6 Nc2+ 15. Ke2 Qxd6 16. Rxd6 Nb4 17. a3 Nc6 18. f4 Na5 19. Kf3 h6 20. Bh4 Nh7 21. Be2 g5 22. fxg5 hxg5 23. Bg3 Ke7 24. Rhd1 Rhd8 25. e5 f5 26. exf6+ Nxf6 27. Be5 Bc6+ 28. Kf2 Rxd6 29. Rxd6 Nc4 30. Bxc4 Ng4+ 31. Kg3 Nxe5 32. Rxe6+ 1-0